000 00328nam a22001337a 4500
003 OSt
008 240809b |||||||| |||| 00| 0 eng d
082 _a630.2195076
_bK98A
100 _aKushwaha, K.S.
245 _aAgricultural Statistics A Guide Examinations.
260 _aNEPA Delhi
_c2012
300 _a400
942 _2ddc
_cBK
999 _c43724
_d43724